سو عظيم آ د می (Record no. 166019)

MARC details
000 -LEADER
fixed length control field 00743nam a22002417a 4500
005 - DATE AND TIME OF LATEST TRANSACTION
control field 20190710145258.0
010 ## - LCCN (DPL NO)
LC control number B-182857
020 ## - INTERNATIONAL STANDARD BOOK NUMBER
International Standard Book Number -
Terms of availability 132.00
035 ## - SYSTEM CONTROL NUMBER
System control number B-182857
037 ## - SOURCE OF ACQUISITION
Source of stock number/acquisition BPPD/Ven.
Stock number dpl
082 ## - DEWEY DECIMAL CLASSIFICATION NUMBER
Classification number 920
Edition number 2004
100 ## - MAIN ENTRY--PERSONAL NAME
Personal name ما ہيکل ہا ر ٹ
245 ## - TITLE STATEMENT
Title سو عظيم آ د می
Statement of responsibility, etc ما ہيکل ہا ر ٹ
Medium Urdu
246 ## - VARYING FORM OF TITLE
Title proper/short title 100 Azeem Aadmi (Urdu)
Remainder of title by Maikal Hart
250 ## - EDITION STATEMENT
Edition statement 2004 ء
260 ## - PUBLICATION, DISTRIBUTION, ETC. (IMPRINT)
Place of publication, distribution, etc N.Delhi 110002
Name of publisher, distributor, etc Maktaba Jadeed
270 ## - ADDRESS
Address 9/10,Gola Market,Darya Ganj,
300 ## - PHYSICAL DESCRIPTION
Extent 528ص
Dimensions 22cm(Hbk)
490 ## - SERIES STATEMENT
Series statement Jaico illustrated classics series
942 ## - ADDED ENTRY ELEMENTS (KOHA)
Source of classification or shelving scheme Dewey Decimal Classification
Item type Urdu Bks
Call number suffix ہ ا ر
Classification part 920
Holdings
Withdrawn status Lost status Not for loan Collection code Home library Current library Date acquired Source of acquisition Cost, normal purchase price Full call number Barcode Copy number Cost, replacement price Koha item type
    Ordered Non-fiction Central Library Central Library 10/07/2019 BPPD/Ven. 132.00 920 ہ ا ر B-182857 1 132.00 Urdu Bks

© Delhi Public Library
Hit Counter
free hit counter